000 00448nam a2200181Ia 4500
001 24329
005 20260414151036.0
008 260414t2003||||xx |||||||||||||| ||spa||
041 _aESP
082 _a345.3
_bM96
100 _aMuñoz Conde, Francisco
_eAUT
245 0 _aLa búsqueda de la verdad en el proceso penal
_b
260 _c2003
300 _a121 páginas :
_c19 cm.
650 _aDER
654 _aCDE
942 _cLIB
_dJUS
_fJUS
_2ddc
_n
999 _c24329
_d24329